00656nam a2200181Ia 4500008004100000020001800041082001700059100002900076245009100105250000600196260002800202300001000230500003000240650001900270700007700289952009100366999001700457120629s9999 xx 000 0 und d a970-638-282-8 a512.72 S159m aSalazar Vázquez, Pedro aMatematicas 3 / Pedro Salazar Vázquez, Luis Magaña Cuellar; Arturo Fuentes Morelos a2 aMéxico : Nueva Imagen a296 p aBibliografia y soluciones a1. MATEMATICAS aMagaña Cuellar, Luis; coaut. \ Fuentes Morelos, Artur; ases. acad.Ì 00104070a15b15d2008-06-26l0o512.72 S159Mp15 002845r2017-12-07w2012-06-28yLB c76296d76296